Imigracionyj diskurs v materialach globalnych SMI

Analýza zastúpenia migrantov, utečencov a žiadateľov o azyl v predvečer referenda EÚ v roku 2016.

Salvato in:
Dettagli Bibliografici
Autore principale: Štefančík, Radoslav, 1976-
Altri autori: Stanislavovna Matytsina, Marina
Natura: Capitolo di libro
Lingua:russo
Soggetti:
Tags: Aggiungi Tag
Nessun Tag, puoi essere il primo ad aggiungerne!!

MARC

LEADER 00000naa a2200000 4500
001 0250177
005 20240502074015.9
041 0 |a rus 
044 |a SK 
245 1 0 |a Imigracionyj diskurs v materialach globalnych SMI  |c Radoslav Štefančík, Marina Stanislavovna Matytsina 
520 |a Analýza zastúpenia migrantov, utečencov a žiadateľov o azyl v predvečer referenda EÚ v roku 2016. 
610 2 0 |a médiá 
610 2 0 |a migrácia 
610 2 0 |a referendum 
610 2 0 |a Veľká Británia 
100 1 |a Štefančík, Radoslav, 1976- 
700 1 |a Stanislavovna Matytsina, Marina